00660 2200253 4500001002100000005001700021008004100038020001800079035002400097082001200121090001900133100001700152245004800169250001100217260003100228300002200259500002700281650003600308850001500344980001100359985000600370999001500376999001500391YOGYA-0209000002558220090227023948.0 ind  a979-538-057-5 0010-020900000025582 a658.314 a658.314bMun A aMUNTHE, Dame aAnalisis jabatan dalam praktekcDame Munthe aCet. 1 aBandungbMandar Majuc1993 ax, 206 hlmc21 cm aBibliografi : hlm. 198 aManajemen pegawai - Perencanaan aYOPDYOG(B) a221206 a2 a06A0013473 a06A0013474